Abul Kalam Azad (Record no. 8115)

MARC details
000 -LEADER
fixed length control field 00760nam a2200265 a 4500
020 ## - INTERNATIONAL STANDARD BOOK NUMBER
ISBN
082 00 - DEWEY DECIMAL CLASSIFICATION NUMBER
Classification number 922.97
Author Cutter DOU
100 ## - MAIN ENTRY--AUTHOR NAME
Author name Douglas, Ian Henderson
245 ## - TITLE STATEMENT
Title Abul Kalam Azad
Sub title (an Intellectual and Religious Biography)
260 ## - PUBLICATION, DISTRIBUTION, ETC. (IMPRINT)
Place of publication Londan
Name of publisher Oxford University Press
Year of publication 1988
300 ## - PHYSICAL DESCRIPTION
Number of Pages 358p
500 ## - GENERAL NOTE
General note includes index and biblioraphy
505 2# - FORMATTED CONTENTS NOTE
Formatted contents note printed from The Muslim World, lxi, no.3, 1971
650 ## - SUBJECT ADDED ENTRY--TOPICAL TERM
Topical Term Abul Kalam Azad
650 ## - SUBJECT ADDED ENTRY--TOPICAL TERM
Topical Term Philosophy-Islamic-Mawlana Abul Kal
650 ## - SUBJECT ADDED ENTRY--TOPICAL TERM
Topical Term India-Political Leaders
942 ## - ADDED ENTRY ELEMENTS (KOHA)
Koha item type Books
700 1# -
-- Douglas, Ian Henderson
Holdings
Home library Current library Date acquired Cost, normal purchase price Full call number Accession Number Koha item type
Henry Martyn Institute Library Henry Martyn Institute Library 06/06/2007 190.00 922.97 DOU 013655 E-Books
                   Copyright © 2026 | Henry Martyn Institute | Hyderabad | TS-500052 | INDIA | Implemented by hmi.edu.in
Hit-Count:

Powered by Koha